| 000 | 00634nam a2200253Ia 4500 | ||
|---|---|---|---|
| 003 | OSt | ||
| 005 | 20221007105607.0 | ||
| 006 | a|||||r|||| 00| 0 | ||
| 007 | ta | ||
| 008 | 221006b |||||||| |||| 00| 0 eng d | ||
| 024 | _a18,994 | ||
| 037 | _cTextual | ||
| 040 |
_aLCO _cLCO _beng |
||
| 041 |
_2eng _aeng |
||
| 082 | _aZ2,3, M5 | ||
| 100 | _aAvtar Singh | ||
| 245 | 0 | _aPrinciples of Mercantile Law | |
| 250 | _a4th | ||
| 260 |
_aLucknow _bEastern Book Company India _c1985 |
||
| 300 | _a125 | ||
| 650 |
_aMERCANTILE LAW _9402489 |
||
| 942 |
_hZ2,3, M5 _cTEXL |
||
| 999 |
_c1188557 _d1188557 |
||